Homenaje a Carlos S. Nino /
Guardado en:
| Otros Autores: | , , |
|---|---|
| Formato: | Libro |
| Idioma: | Spanish |
| Publicado: |
Buenos Aires :
La Ley,
2008
|
| Edición: | 1a. ed. |
| Materias: | |
| Etiquetas: |
Agregar Etiqueta
Sin Etiquetas, Sea el primero en etiquetar este registro!
|
| LEADER | 00606nam a22001815a 4500 | ||
|---|---|---|---|
| 001 | DER.der007192 | ||
| 008 | 180615s2008####ag#||||||||||||||#||spa|| | ||
| 005 | 20260213094158.0 | ||
| 245 | 1 | 0 | |a Homenaje a Carlos S. Nino / |c coordinado por Marcelo Alegre, Roberto Gargarella, Carlos F. Rosenkrantz. |
| 250 | |a 1a. ed. | ||
| 260 | |a Buenos Aires : |b La Ley, |c 2008 | ||
| 300 | |a 423 p. | ||
| 020 | |a 9789870313212 | ||
| 700 | 1 | |a Alegre, Marcelo, |e coord. | |
| 700 | 1 | |a Gargarella, Roberto, |e coord. | |
| 700 | 1 | |a Rosenkrantz, Carlos F., |e coord. | |
| 650 | 7 | |a FILOSOFIA DEL DERECHO | |
| 859 | |a DERECHO |b BIB. DERECHO |h 340.1 |i HOM |p 005753 | ||
